[Event "US Open-114"]
[Site "Middleton"]
[Date "2013.08.02"]
[Round "7"]
[White "Thigpen, Douglas B"]
[Black "Checa, Nicolas D"]
[Result "0-1"]
[WhiteElo "2031"]
[BlackElo "2021"]
[PlyCount "124"]
[EventDate "2013.07.27"]
[EventType "swiss"]
[EventRounds "9"]
[EventCountry "USA"]
[SourceTitle "CBM 155 Extra"]
[Source "ChessBase"]
[SourceDate "2013.08.26"]
[SourceVersion "1"]
[SourceVersionDate "2013.08.26"]
[SourceQuality "1"]

1. e4 e6 2. d4 d5 3. Nc3 Bb4 4. e5 Ne7 5. a3 Bxc3+ 6. bxc3 c5 7. Bd3 b6 8. Qg4 Kf8 9. a4 Ba6 10. Bb5 Bb7 11. Bd3 Qc7 12. Nf3 cxd4 13. 0-0 dxc3 14. Ba3 Nbc6 15. Rfe1 Kg8 16. h4 a5 17. Nd4 Nxd4 18. Qxd4 Nc6 19. Qxc3 d4 20. Qb2 Nxe5 21. Rxe5 Qxe5 22. Qxb6 Bd5 23. Rb1 g6 24. Bc5 h5 25. Bxd4 Qf4 26. c4 Be4 27. g3 Qf3 28. Bxe4 Qxe4 29. Bxh8 Kxh8 30. c5 Qxa4 31. c6 Rc8 32. Rc1 Qb4 33. Qa7 Kg7 34. Qd7 Qb8 35. Qd4+ Kg8 36. Rc5 Qb6 37. c7 a4 38. Qd7 Qb7 39. g4 a3 40. Ra5 Qxc7 41. Qxc7 Rxc7 42. gxh5 gxh5 43. Rxa3 Rc4 44. Rh3 f5 45. Kg2 Kg7 46. Rh1 Kf6 47. f3 Rc2+ 48. Kg3 e5 49. Ra1 f4+ 50. Kh3 Rc7 51. Ra6+ Kf5 52. Rh6 Rg7 53. Rxh5+ Kf6 54. Rg5 Rxg5 55. hxg5+ Kxg5 56. Kg2 Kf5 57. Kf2 Ke6 58. Ke1 Kd5 59. Kd1 Kc5 60. Ke1 Kc4 61. Ke2 Kc3 62. Ke1 Kd3 0-1